| 000 | 00444nam a22001577a 4500 | ||
|---|---|---|---|
| 003 | CEME | ||
| 005 | 20210628202824.0 | ||
| 008 | 210204b xxu||||| |||| 00| 0 eng d | ||
| 040 | _c. | ||
| 082 | _a297 SEY | ||
| 100 |
_aFaiez H.Seyal Seyal, Faiez.H _961799 |
||
| 245 | _aShahoor-e-zindgey:peoples problems and their solutions, complete 2 vol set | ||
| 260 | _bISLAMIC PUBLICATIONS | ||
| 650 |
_aSHAHOOR-E-ZINDGEY. _961800 |
||
| 942 |
_cBK _2ddc |
||
| 999 |
_c571126 _d571126 |
||